| 000 | 00465nam a22001217a 4500 | ||
|---|---|---|---|
| 999 |
_c21529 _d21529 |
||
| 008 | 240912b ||||| |||| 00| 0 eng d | ||
| 100 |
_aTaguba, Marites M. _eauthor. _960797 |
||
| 245 |
_aImpact of television on children / _cMarites M. Taguba. |
||
| 260 |
_aPhilippines; _bPublishers Association of the Philippines, Inc., _cDecember 2019. |
||
| 300 |
_aVolume 168, pages 256-257, _billustration. |
||
| 700 |
_aTaguba, Marites M. _eauthor. _960797 |
||
| 942 |
_2ddc _cPER |
||